000 00640nam a2200205Ia 4500
003 GCL
008 140319s9999 xx 000 0 ara d
040 _aGCL /
_cGCL
082 0 4 _a414
_bخ ب
100 1 _aالخطابى,ابو سليمان احمد بن محم
245 1 0 _aالبلاغة القرانية /
_cالخطابى,ابو سليمان احمد بن محم
700 1 _aصباح عبيد درانة
300 _a102 ص
490 _a
650 0 4 _aاللغة العربية
650 0 4 _aالبلاغة العربية
650 0 4 _aالقران - بلاغة
650 0 4 _aالقران - الفاظ
942 _2ddc
_cBK
999 _c37666
_d37666